00501 2200193 4500001002100000005001700021008004100038035002400079040001200103082000800115090001400123100001800137245005200155260002700207300002100234650002100255850001200276990001900288YOGYA-021100000033702011020810023797 ind  0010-021100000003370 aYOPDYOG a302 a302 Wal P aWALGITO, Bimo aPsikologi sosialbsuatu pengantarcBimo Walgito aYogyakartabAndic2001 a158 hlm.c22 cm. aPsikologi Sosial aYOPDYOG a362-PN/P.01b1